2833-柏原市(大阪府)の駅 - Statistics

General Stats
  • This quiz has been taken 4 times
  • The average score is 6 of 9
Answer Stats
Answer % Correct
柏原
100%
柏原南口
100%
河内国分
75%
大阪教育大前
75%
高井田
50%
河内堅上
50%
法善寺
50%
堅下
50%
安堂
50%
No matching quizzes found
Score Distribution
Percent of People with Each Score
Percentile by Number Answered
Your Score History
You have not taken this quiz